00985cgm a22002415a 450000500170000000800410001704100080005808200190006624501660008525000220025130000180027349000200029165000780031165000740038971000620046394200200052526400600054533600270060533700330063233800280066504000350069399900150072820220316235840.0030529s1990 ck --- g s00 vuspa 0 aspa04a398.8861bM87r00aRondas, cantos y juegos tradicionales de los niños del Litoral Atlántico Colombiano hvideograbaciónccompilación, Museo de Artes y Tradiciones Populares aPrimera edición a1 videocasete0 aRondas y cantos14aCanciones infantiles zLitoral Atlántico (Colombia)vVideocasetes2LEMB14aJuegos musicales zLitoral Atlántico (Colombia)vVideocasetes2LEMB2 aMuseo de Artes y Tradiciones Popularesbcompilador940766 2ddccVIDEOCASET aBogotá bMuseo de Artes y Tradiciones Popularesc1990 atextobtxt2rdacontent asin mediaciónbn2rdamedia avolumenbnc2rdacarrier aCO-BoRNBPbspaerdacCO-BoRNBP c2371d2371